| 000 | 01021na a2200265 4500 | ||
|---|---|---|---|
| 001 | 13669 | ||
| 003 | MIRAKIL | ||
| 005 | 20181213154830.0 | ||
| 008 | 160818b tu 000 0 | ||
| 020 | _a97597542207 | ||
| 035 | _a13669 | ||
| 040 |
_aMilas _btur _cTR-AnCHP |
||
| 082 |
_aATA 923.156 _bB54a 2009 |
||
| 090 | _aATA 923.156 B54a 2009 | ||
| 100 | _aBasar, Arif | ||
| 245 |
_aAnılar yelpazesinde Mustafa Kemal Atatürk _cArif Basar |
||
| 260 |
_aAnkara _b[yayl.y.] _c2009 |
||
| 300 |
_a6 c. _bres. _c19 sm. |
||
| 505 | _ac.1: 1881-1919 çocukluk, gençlik, I. Dünya ve Çanakkale Savaşları -- c.2: Milli mücadele ve Kurtuluş Savaşı -- c.3: Devrimler -- c.4: Cumhuriyet -- c.5: Atatürk ve dünya -- c.6: Hastalık ve son günleri | ||
| 600 |
_aAtatürk, Mustafa Kemal _d1881-1938 _xÇanakkale Savaşı, 1915-1916 |
||
| 600 |
_aAtatürk, Mustafa Kemal _d1881-1938 _xAnılar |
||
| 600 |
_aAtatürk, Mustafa Kemal _d1881-1938 _xÇocukluk ve Gençlik |
||
| 650 | _aKurtuluş Savaşı | ||
| 942 |
_2ddc _cBKS |
||
| 999 |
_c1660 _d1660 |
||